000 00467nam a2200181Ia 4500
008 090123s9999 xx 000 0 und d
082 _b1889
100 _aपरचुरे आशा
245 _aपहाट
250 _a1
260 _bभंडारी बाबुराव
300 _a176
600 _aपरचुरे आशा
630 _aपहाट
700 _aपरचुरे आशा
730 _aपहाट
942 _cBOOK
999 _c39971
_d39971